书目信息 |
| 题名: |
节奏训练教程
|
|
| 作者: | 张浩 , 张燕 , 李金华 编 | |
| 分册: | 上 | |
| 出版信息: | 上海 上海音乐出版社 2004 |
|
| 页数: | 180页 | |
| 开本: | 26cm | |
| 丛书名: | ||
| 单 册: | ||
| 中图分类: | J613.7 | |
| 科图分类: | ||
| 主题词: | 节奏学--教材 , 节奏学 | |
| 电子资源: | ||
| ISBN: | 978-7-80667-658-5 | |
| 000 | 00875nam0 2200253 450 | |
| 001 | 1234674767 | |
| 005 | 20121019141700.31 | |
| 010 | @a978-7-80667-658-5@dCNY23.00 | |
| 100 | @a20050316d2004 em y0chiy0110 ea | |
| 101 | 0 | @achi |
| 102 | @aCN@b310000 | |
| 105 | @ag z 000yy | |
| 200 | 1 | @a节奏训练教程@AJie Zou Xun Lian Jiao Cheng@h上@HShang@f张浩, 张燕, 李金华[编]@FZhang Hao , Zhang Yan , Li Jin Hua [ Bian ] |
| 210 | @a上海@c上海音乐出版社@d2004 | |
| 215 | @a180页@d26cm | |
| 330 | @a本书分上、下两册。上册为基础教程,涉及各种基本节奏组合及简单的休止符,适用于初级阶段的教学及专业院校考前训练。 | |
| 606 | 0 | @a节奏学@j教材 |
| 606 | 0 | @a节奏学 |
| 690 | @aJ613.7@v4 | |
| 701 | 0 | @a张浩@AZhang Hao@c(音乐)@4编 |
| 701 | 0 | @a张燕@AZhang Yan@c(音乐)@4编 |
| 701 | 0 | @a李金华@ALi Jin Hua@c(音乐)@4编 |
| 801 | 0 | @aCN@bNLC@c20101222 |
| 905 | @a10447@dJ613.7@eJY204:1 | |
| 节奏训练教程.上/张浩, 张燕, 李金华[编].-上海:上海音乐出版社,2004 |
| 180页;26cm |
| ISBN 978-7-80667-658-5:CNY23.00 |
| 本书分上、下两册。上册为基础教程,涉及各种基本节奏组合及简单的休止符,适用于初级阶段的教学及专业院校考前训练。 |
| ● |
| 相关链接 |
|
|
|
|
正题名:节奏训练教程
索取号:J613.7/JY204:1
 
预约/预借
| 序号 | 登录号 | 条形码 | 馆藏地/架位号 | 状态 | 备注 |
| 1 | 7834372 | 278343721 | 学院路分馆/ [索取号:J613.7/JY204:1] | 在馆 | |
| 2 | 7834373 | 278343730 | 学院路分馆/ [索取号:J613.7/JY204:1] | 在馆 | |
| 3 | 7834374 | 278343749 | 学院路分馆/ [索取号:J613.7/JY204:1] | 在馆 | |
| 4 | 7834981 | 278349814 | 学院路分馆/ [索取号:J613.7/JY204:1] | 在馆 |